| Tag |
First Indicator |
Second Indicator |
Subfields |
| LEADER |
00000cam a2200000 i 4500 |
| 001 |
in00005755421 |
| 005 |
20260326205532.8 |
| 006 |
m o d |
| 007 |
cr cnu---unuuu |
| 008 |
140627s1994 ne ob 001 0 eng d |
| 040 |
|
|
|a OPELS
|b eng
|e rda
|e pn
|c OPELS
|d IDEBK
|d N$T
|d YDXCP
|d OCLCQ
|d EBLCP
|d DEBSZ
|d OCLCQ
|d MERUC
|d OCLCQ
|d E7B
|d OCLCF
|d OCLCQ
|d VLY
|d S2H
|d OCLCO
|d OCLCQ
|d OCLCO
|d COM
|d OCLCQ
|d OCL
|d OCLCO
|d OCLCL
|d OCLCQ
|
| 019 |
|
|
|a 893739091
|a 896836922
|a 1162055992
|
| 020 |
|
|
|a 9780080934006
|q (electronic bk.)
|
| 020 |
|
|
|a 0080934005
|q (electronic bk.)
|
| 020 |
|
|
|z 0444882863
|
| 020 |
|
|
|z 9780444882868
|
| 035 |
|
|
|a (OCoLC)881853645
|z (OCoLC)893739091
|z (OCoLC)896836922
|z (OCoLC)1162055992
|
| 050 |
|
4 |
|a S592.3
|b .S675 1994eb
|
| 070 |
|
|
|a S671.D44
|b no.11
|
| 072 |
|
0 |
|a N000
|
| 072 |
|
7 |
|a TEC
|x 003000
|2 bisacsh
|
| 082 |
0 |
4 |
|a 631.4/3
|2 22
|
| 049 |
|
|
|a TXAM
|
| 245 |
0 |
0 |
|a Soil compaction in crop production /
|c editors B.D. Soane, C. van Ouwerkerk.
|
| 264 |
|
1 |
|a Amsterdam ;
|a London :
|b Elsevier,
|c 1994.
|
| 300 |
|
|
|a 1 online resource (xvii, 662 pages)
|
| 336 |
|
|
|a text
|b txt
|2 rdacontent
|
| 337 |
|
|
|a computer
|b c
|2 rdamedia
|
| 338 |
|
|
|a online resource
|b cr
|2 rdacarrier
|
| 490 |
1 |
|
|a Developments in agricultural engineering ;
|v 11
|
| 504 |
|
|
|a Includes bibliographical references and index.
|
| 520 |
|
|
|a This book provides a global review of the mechanisms, incidence and control measures related to the problems of soil compaction in agriculture, forestry and other cropping systems. Among the disciplines which relate to this subject are soil physics, soil mechanics, vehicle mechanics, agricultural engineering, plant physiology, agronomy, pedology, climatology and economics. The volume will be of great value to soil scientists, agricultural engineers, and all those involved with irrigation, drainage and tillage. It will help to facilitate the exchange of information on current work throughout the world, as well as to promote scientific understanding and stimulate the development, evaluation and adoption of practical solutions to these widespread and urgent problems.
|
| 588 |
0 |
|
|a Print version record.
|
| 505 |
8 |
|
|a MEASURING STRESS-STRAIN RELATONSHIPSTYPES OF SOIL BEHAVIOUR UNDER WHEELS; STRESS AND STRAIN EFFECTS ON SOIL QUALITIES; CONCLUSIONS; REFERENCES; CHAPTER 3. Soil Compactability and Compressibility; SUMMARY; INTRODUCTION; DEFINITIONS; FACTORS INFLUENCING SOIL STRENGTH; CONCLUSIONS; REFERENCES; CHAPTER 4. Prediction of Soil Compaction under Vehicles; SUMMARY; INTRODUCTION; MODELING SURFACE-APPLIED FORCES FROM FARM VEHICLES; MODELING THE RELATIONSHIP BETWEEN APPLIED STRESS AND SOIL STRAIN; MODELING THE PROPAGATION OF FORCES IN THE SOIL; LINKING SOIL COMPACTION MODELS TO CROP GROWTH MODELS
|
| 546 |
|
|
|a English.
|
| 650 |
|
0 |
|a Crops
|x Effect of soil compaction on.
|
| 650 |
|
0 |
|a Soils
|x Density.
|
| 650 |
|
0 |
|a Plants
|x Effect of soil compaction on.
|
| 650 |
|
0 |
|a Soil physics.
|
| 650 |
|
6 |
|a Sols
|x Densité.
|
| 650 |
|
6 |
|a Plantes
|x Effets du compactage des sols sur.
|
| 650 |
|
6 |
|a Sols
|x Physique.
|
| 650 |
|
6 |
|a Cultures
|x Effets du compactage des sols sur.
|
| 650 |
|
7 |
|a TECHNOLOGY & ENGINEERING
|x Agriculture
|x General.
|2 bisacsh
|
| 650 |
|
7 |
|a Soils
|x Density
|2 fast
|
| 650 |
|
7 |
|a Soil physics
|2 fast
|
| 650 |
|
7 |
|a Plants
|x Effect of soil compaction on
|2 fast
|
| 650 |
|
7 |
|a Crops
|x Effect of soil compaction on
|2 fast
|
| 655 |
|
7 |
|a Electronic books.
|2 local
|
| 700 |
1 |
|
|a Soane, B. D.
|q (Brennan D.)
|1 https://id.oclc.org/worldcat/entity/E39PCjCw8JKfv8p6b68B4bMrjd
|
| 700 |
1 |
|
|a Ouwerkerk, C. van.
|
| 710 |
2 |
|
|a ScienceDirect (Online service)
|
| 758 |
|
|
|i has work:
|a Soil compaction in crop production (Text)
|1 https://id.oclc.org/worldcat/entity/E39PCGXC7pJJq38gFv6cYhQVVK
|4 https://id.oclc.org/worldcat/ontology/hasWork
|
| 776 |
0 |
8 |
|i Print version:
|t Soil compaction in crop production
|z 0444882863
|w (DLC) 94231099
|w (OCoLC)30776879
|
| 830 |
|
0 |
|a Developments in agricultural engineering ;
|v 11.
|
| 856 |
4 |
0 |
|u http://proxy.library.tamu.edu/login?url=https://www.sciencedirect.com/science/bookseries/01674137/11
|z Connect to the full text of this electronic book
|t 0
|
| 955 |
|
|
|a Elsevier ScienceDirect 2026-2027
|
| 994 |
|
|
|a 92
|b TXA
|
| 999 |
f |
f |
|i 8f8a5090-779e-492a-ae7b-6e71804403f8
|s e083c4bc-81a8-4459-824a-ac42f8f92711
|t 0
|
| 952 |
f |
f |
|a Texas A&M University
|b College Station
|c Electronic Resources
|s www_evans
|d Available Online
|t 0
|e S592.3 .S675 1994eb
|h Library of Congress classification
|
| 998 |
f |
f |
|a S592.3 .S675 1994eb
|t 0
|l Available Online
|